86 Babynamen der Woche 41/25' - Statistiken

Allgemein
  • Dieses Quiz wurde 8 mal gespielt
  • Das Durchschnittsergebnis liegt bei 38 aus 86
Antwortstatistiken
📍 Vorname % Korrekt
Is.b.l.e ♀️ Isabelle
100%
A.e ♂️ Ale
83%
J.l..e ♀️ Julice
83%
Al.x.a ♀️ Alexia
67%
Am.l.a ♀️ Amalia
67%
An..t.s.a ♀️ Anastasia
67%
B.n ♂️ Ben
67%
B.n.d..t ♂️ Benedikt
67%
C.n ♂️ Can
67%
C.p.i ♀️ Capri
67%
E.k.h..d ♂️ Eckehard
67%
Em.l.a ♀️ Emilia
67%
F.b..n ♂️ Fabian
67%
Fi.n ♂️ Finn
67%
F.a.z ♂️ Franz
67%
F.a.z..k.s ♂️ Franziskus
67%
G.o.g ♂️ Georg
67%
G.t.h..d ♂️ Gotthard
67%
Ha.s ♂️ Hans
67%
He.r.q.e ♂️ Henrique
67%
H.r.t ♂️ Horst
67%
J.m.s ♂️ James
67%
K.e.p.t.a ♀️ Kleopatra
67%
L.n.a.t ♂️ Lennart
67%
M.r.a ♀️ Maria
67%
Ma.l.n ♂️ Marlon
67%
M.x.m.l..n ♂️ Maximilian
67%
R.p..t ♂️ Rupert
67%
Vi.t.r.a ♀️ Viktoria
67%
Ab.e.a ♀️ Abiela
50%
Ac.i.l ♂️ Achill
50%
Al.o ♂️ Aleo
50%
A.d.o ♂️ Andro
50%
A.g.r ♂️ Asgar
50%
At.y ♂️ Atay
50%
A.z.r.a ♀️ Azzurra
50%
D.e.m.r ♂️ Dietmar
50%
E.y.s | E.i.s ♂️ Elyas | Elias
50%
Em.a ♀️ Emma
50%
L.n.i ♂️ Lenni
50%
M.v.e ♀️ Mavie
50%
M.a ♀️ Mia
50%
No.l ♂️ Noel
50%
R.x..a ♀️ Roxana
50%
We.n.r ♂️ Werner
50%
Ya.l ♀️ Yael
50%
A.l.s ♂️ Atlas
33%
A.r.l ♂️ Aurel
33%
C.s.e.y ♀️ Cassedy
33%
D.v.n.a ♀️ Devinia
33%
Di.m.n.t ♀️ Diamondt
33%
E.i.a ♀️ Erika
33%
G.e.i ♀️ Greti
33%
H.b..a ♀️ Habiba
33%
J.d.h ♂️ Judah
33%
Ma.l ♂️ Mael
33%
M.n..a ♀️ Manila
33%
Ma.a ♀️ Maya
33%
Mi.e ♂️ Mike
33%
Pe.e ♂️ Pepe
33%
R.i ♂️ Roi
33%
Ro.e ♀️ Rose
33%
W.l.r.m ♂️ Wolfram
33%
Am.l.e ♀️ Amelle
17%
A.o.l ♂️ Amoll
17%
A.d..n ♂️ Ardian
17%
B.n.a ♀️ Binta
17%
Ca.o ♂️ Cayo
17%
Da.n ♀️ Dawn
17%
Em.e ♂️ Emre
17%
E.m.o.i ♀️ Ermioni
17%
Ja.l.n ♂️ Jailan
17%
J.y..n ♂️ Jayann
17%
Je.z.y ♂️ Jerzey
17%
La.y ♀️ Lady
17%
L.o.a ♀️ Liora
17%
M.l.s ♂️ Milas
17%
Na.d..i ♀️ Nandini
17%
N.c.l.n ♂️ Niculin
17%
N.e.t.a ♂️ Nuestra
17%
Pa.m..a ♀️ Parmida
17%
Ru.e ♂️ Rune
17%
T.l.o ♂️ Telmo
17%
V.d.r ♂️ Vidar
17%
V.n.e ♂️ Vince
17%
Z.n.i.a ♀️ Zenaida
17%
Keine übereinstimmenden Quizze gefunden
Verteilung der Resultate
Anzahl Personen mit jedem Resultat
Perzentil nach korrekt beantworteten Fragen
Ihre Resultats-Entwicklung
Sie haben dieses Quiz noch nicht gespielt